Journalism who, what, when, where, why and how (Record no. 2765)
[ view plain ]
| 000 -LEADER | |
|---|---|
| fixed length control field | 00293nam a22001217a 4500 |
| 020 ## - INTERNATIONAL STANDARD BOOK NUMBER | |
| International Standard Book Number | 9788120343696 |
| 082 ## - DEWEY DECIMAL CLASSIFICATION NUMBER | |
| Classification number | 070.4 |
| 100 ## - MAIN ENTRY--PERSONAL NAME | |
| Personal name | James Glen Stovall |
| 245 ## - TITLE STATEMENT | |
| Title | Journalism who, what, when, where, why and how |
| 260 ## - PUBLICATION, DISTRIBUTION, ETC. | |
| Place of publication, distribution, etc. | New Delhi |
| Name of publisher, distributor, etc. | PHI learning |
| Date of publication, distribution, etc. | 2011 |
| 300 ## - PHYSICAL DESCRIPTION | |
| Extent | 504p |
| 942 ## - ADDED ENTRY ELEMENTS (KOHA) | |
| Koha item type | Book |
| Withdrawn status | Lost status | Source of classification or shelving scheme | Damaged status | Not for loan | Permanent Location | Current Location | Shelving location | Date acquired | Total Checkouts | Full call number | Barcode | Date last seen | Price effective from | Koha item type |
|---|---|---|---|---|---|---|---|---|---|---|---|---|---|---|
| Central Library (CL) | Central Library (CL) | First Floor - Journalism | 03/17/2016 | 302.23 STO | S3H-N-94 | 03/17/2016 | 03/17/2016 | Book | ||||||
| Central Library (CL) | Central Library (CL) | First Floor - Journalism | 03/17/2016 | 302.23 GLO | S3H-N-92 | 03/17/2016 | 03/17/2016 | Book | ||||||
| Central Library (CL) | Central Library (CL) | First Floor - Journalism | 03/17/2016 | 302.23 GLO | S3H-N-93 | 03/17/2016 | 03/17/2016 | Book |
